| Tag |
First Indicator |
Second Indicator |
Subfields |
| LEADER |
00000cam a2200000 a 4500 |
| 001 |
in00000005954 |
| 005 |
20150927203220.0 |
| 008 |
970926s1994 dcu bf f000 0 eng d |
| 035 |
|
|
|a (OCoLC)37898716
|
| 035 |
|
|
|9 AJJ8355AM
|
| 040 |
|
|
|d OCL
|d GPO
|d DLC
|d MvI
|d UtOrBLW
|
| 043 |
|
|
|a n-us---
|
| 049 |
|
|
|a UDOC
|
| 050 |
|
4 |
|a KF8771
|b .C42 1994
|
| 074 |
|
|
|a 0743-C-02
|
| 086 |
0 |
|
|a JU 13.8:C 35
|
| 245 |
0 |
0 |
|a Chambers handbook for judges' law clerks and secretaries /
|c Federal Judicial Center.
|
| 246 |
3 |
|
|a Handbook for judges' law clerks and secretaries
|
| 264 |
|
1 |
|a Washington, DC :
|b The Center,
|c 1994.
|
| 300 |
|
|
|a xi, 184 pages ;
|c 25 cm.
|
| 336 |
|
|
|a text
|b txt
|2 rdacontent
|
| 337 |
|
|
|a unmediated
|b n
|2 rdamedia
|
| 338 |
|
|
|a volume
|b nc
|2 rdacarrier
|
| 500 |
|
|
|a Cover title.
|
| 500 |
|
|
|a Shipping list number: 99-0302-P.
|
| 504 |
|
|
|a Includes bibliographical references.
|
| 650 |
|
0 |
|a Law clerks
|z United States
|v Handbooks, manuals, etc.
|
| 650 |
|
0 |
|a Legal secretaries
|z United States
|v Handbooks, manuals, etc.
|
| 650 |
|
0 |
|a Court administration
|z United States
|v Handbooks, manuals, etc.
|
| 650 |
|
0 |
|a Courts
|z United States
|x Officials and employees
|z United States
|v Handbooks, manuals, etc.
|
| 710 |
2 |
|
|a Federal Judicial Center.
|
| 999 |
|
|
|a MARS
|
| 999 |
f |
f |
|s 83217008-f3ea-32bf-9e6c-3dae65deef1e
|i 16fc79aa-0553-3d17-b14d-0e2e695124cf
|t 0
|
| 952 |
f |
f |
|p normal
|a Texas A&M University
|b College Station
|c Sterling C. Evans Library
|d Evans: US Documents (Annex 5th floor)
|t 0
|e JU 13.8:C 35
|h Superintendent of Documents classification
|i unmediated -- volume
|m A14824308582
|
| 998 |
f |
f |
|a JU 13.8:C 35
|t 0
|l Evans: US Documents (Annex 5th floor)
|